Normal view
MARC view
- Galeana Cisneros, Rosaura
Entry Nombre Personal
001 - NUMERO DE CONTROL
- campo de control: 40811
003 - IDENTIFICADOR DE NUMERO DE CONTROL
- campo de control: UPN
005 - FECHA Y HORA DE LA ÜLTIMA TRANSACCIÓN
- campo de control: 20210219194601.0
008 - DATOS DE LONGITUD FIJA
- campo de control de longitud fija: nabaccnnaabn|||||||||| b |nc|||||d
035 ## - NUMERO DE CONTROL
- Número de control: UPN11000012918
040 ## - FUENTE DE CATALOGACIÓN
- Lenguaje de catalogación: SPA
- Agencia de transcripción: UPN
100 1# - ENCABEZAMIENTO - NOMBRE PERSONAL
- Nombre personal: Galeana Cisneros, Rosaura
670 ## - FUENTE EN LA QUE SE LOCALIZARON DATOS
- Cita de la fuente: T
- Uniform Resource Identifier: http://sitiosajuscoupn.cloudapp.net/datos/aa2/index.php/cuerpos-academicos/pedsdh/165-dra-rosaura-galeana-cisneros
680 ## - NOTA PUBLICA DE ACCESO PÚBLICO
- Frase explicativa de la referencia: Doctora en Investigación Educativa
902 ## - CATALOGADOR
- Catalogador: MMA/091117
